000 00580nam a2200217 a 4500
001 4753083
005 20180223073544.0
008 850516s1986 ohua b 001 0 eng
010 _a 85061552
020 _a067520125X
040 _aDLC
_cDLC
_dDLC
041 _aeng
080 _a616.85/54 sha
082 0 0 _a616.85/54 sha
_219
100 1 _a3
101 _ashm
245 1 0 _aStuttering, then and now /
_cGeorge H. Shames, Herbert Rubin.
504 _aIncludes bibliographies and indexes.
906 _a7
_bcbc
_corignew
_d2
_eopcn
_f19
_gy-gencatlg
942 _2ddc
_cBK
999 _c43264
_d43264